000 00708nam a2200241Ia 4500
003 OSt
005 20220927113518.0
006 a|||||r|||| 00| 0
007 ta
008 220926b |||||||| |||| 00| 0 eng d
020 _c15000.00
024 _a135
037 _b"111886, 26/02/2018, International Book Distrobutors"
_cTextbook
040 _aRTL
_cRTL
_beng
041 _2eng
_aeng
100 _aKOTLER Philip
_9386077
245 0 _aLegends in marketing 9 VOL SET
260 _aNew
_b"Delhi, Sage, "
_c2012
300 _a"lxv,351p"
_ccm.
650 _aCommerce
_9353036
942 _cCC
999 _c702194
_d702194